000
00338 a2200169 4500
001
189881
020
_a
040
_c
Magnum
100
_a
Coelho, Paulo
240
1
0
_a
O dom supremo
_l
por
245
1
0
_a
O dom supremo
300
_a
124
362
0
_a
2008
440
1
_a
Gold
697
_a
LITERATURA GERAL ESTRANGEIRA
942
_c
BK
999
_c
189881
_d
189881